Statistics for Premier League Captains 2012/2013

Click here to take the quiz!

General Stats

  • This quiz has been taken 985 times
  • The average score is 8 of 20

Answer Stats

HintAnswer% Correct
ChelseaJohn Terry
90%
LiverpoolSteven Gerrard
87%
Manchester CityVincent Kompany
83%
Manchester UnitedNemanja Vidic
82%
ArsenalThomas Vermaelen
61%
Newcastle UnitedFabricio Coloccini
47%
EvertonPhil Neville
45%
Stoke CityRyan Shawcross
42%
FulhamBrede Hangeland
40%
NorwichGrant Holt
39%
West Ham UnitedKevin Nolan
39%
Aston VillaStiliyan Petrov
32%
SouthamptonAdam Lallana
30%
SunderlandLee Cattermole
28%
Swansea CityGarry Monk
19%
West Bromwich AlbionChris Brunt
18%
Wigan AthleticGary Caldwell
16%
Tottenham HotspurWilliam Gallas
15%
QPRPark Ji-Sung
13%
ReadingJobi McAnuff
10%

Score Distribution

Percentile by Number Answered

Percent of People with Each Score

Your Score History

You have not taken this quiz